[Event "MrDodgy Invitational 2020"]
[Site "chess24.com INT"]
[Date "2020.06.12"]
[Round "1.1"]
[White "Nielsen, Peter Heine"]
[Black "Korobov, Anton"]
[Result "1/2-1/2"]
[WhiteTitle "GM"]
[BlackTitle "GM"]
[WhiteElo "2618"]
[BlackElo "2688"]
[WhiteFideId "1400355"]
[BlackFideId "14105730"]
[EventDate "2020.06.12"]

1. d4 Nf6 2. c4 e6 3. Nf3 d5 4. Nc3 c6 5. Bg5 h6 6. Bh4 dxc4 7. e4 g5 8. Bg3 b5
9. h4 g4 10. Ne5 Bb7 11. Be2 Nbd7 12. Nxd7 Qxd7 13. Be5 Qe7 14. O-O O-O-O 15. a4
b4 16. Nb5 cxb5 17. axb5 Rg8 18. Qc2 Nxe4 19. Qxc4+ Kd7 20. Rxa7 Ke8 21. b6 Nd6
22. Bxd6 Qxd6 23. Rxb7 Be7 24. Ra1 Bxh4 25. Raa7 Rg7 26. Qc7 Bxf2+ 27. Kf1 Bg3
28. Bb5+ Kf8 29. Qxf7+ Rxf7+ 30. Rxf7+ Kg8 31. Rg7+ Kh8 32. Rh7+ Kg8 33. Rag7+
Kf8 34. Rf7+ Kg8 35. Rhg7+ Kh8 36. Rh7+ Kg8 37. Rfg7+ Kf8 38. Rf7+ Kg8 1/2-1/2

[Event "MrDodgy Invitational 2020"]
[Site "chess24.com INT"]
[Date "2020.06.12"]
[Round "1.2"]
[White "Korobov, Anton"]
[Black "Nielsen, Peter Heine"]
[Result "1-0"]
[WhiteTitle "GM"]
[BlackTitle "GM"]
[WhiteElo "2688"]
[BlackElo "2618"]
[WhiteFideId "14105730"]
[BlackFideId "1400355"]
[EventDate "2020.06.12"]

1. d4 d5 2. c4 e6 3. Nc3 c6 4. e3 Nf6 5. Nf3 Nbd7 6. Be2 Bd6 7. O-O O-O 8. b3 e5
9. cxd5 e4 10. Nd2 cxd5 11. Nb5 Be7 12. Ba3 a6 13. Bxe7 Qxe7 14. Nc7 Rb8 15. Qc2
b5 16. a4 b4 17. Nxa6 Bxa6 18. Bxa6 Qd6 19. Be2 h5 20. Rfc1 h4 21. h3 Rfd8 22.
a5 Ra8 23. a6 Kh7 24. Qc7 Qe7 25. Qf4 Ne8 26. Qf5+ g6 27. Qxd5 Ndf6 28. Qc5 Nd6
29. Nc4 Nfe8 30. Ne5 Qe6 31. Bc4 Nxc4 32. Qxc4 Qd6 33. Qxf7+ 1-0

[Event "MrDodgy Invitational 2020"]
[Site "chess24.com INT"]
[Date "2020.06.12"]
[Round "1.3"]
[White "Nielsen, Peter Heine"]
[Black "Korobov, Anton"]
[Result "1/2-1/2"]
[WhiteTitle "GM"]
[BlackTitle "GM"]
[WhiteElo "2618"]
[BlackElo "2688"]
[WhiteFideId "1400355"]
[BlackFideId "14105730"]
[EventDate "2020.06.12"]

1. d4 Nf6 2. c4 g6 3. Nc3 Bg7 4. e4 d6 5. Be2 O-O 6. Nf3 e5 7. O-O Nc6 8. d5 Ne7
9. b4 Nh5 10. Re1 f5 11. a4 Nf4 12. Bf1 fxe4 13. Nxe4 Bg4 14. Ra3 a5 15. bxa5
Rxa5 16. h3 Bd7 17. c5 Bf5 18. cxd6 cxd6 19. Bd2 Rxd5 20. Bc4 Kh8 21. Bxd5 Nfxd5
22. Bg5 Bxe4 23. Rxe4 Qc8 24. Rb3 Nf6 25. Bxf6 Rxf6 26. Reb4 Nc6 27. Rxb7 h6 28.
Qd5 Kh7 29. a5 Nd4 30. Rb1 Nxf3+ 31. gxf3 h5 32. Kg2 Qf5 33. Qe4 Qg5+ 34. Kf1
Rf4 35. Qd5 Qf5 36. R7b4 Qxh3+ 37. Ke2 Rf5 38. Rb7 e4 39. Rxg7+ Kxg7 40. Rb7+
Kh6 41. Qd2+ Rg5 42. Rf7 exf3+ 43. Rxf3 Qe6+ 44. Re3 Qc4+ 45. Rd3 Qe4+ 46. Re3
Qg4+ 47. Ke1 Qg1+ 48. Ke2 Qg4+ 49. Ke1 Qg1+ 50. Ke2 Qg4+ 1/2-1/2

[Event "MrDodgy Invitational 2020"]
[Site "chess24.com INT"]
[Date "2020.06.12"]
[Round "1.4"]
[White "Korobov, Anton"]
[Black "Nielsen, Peter Heine"]
[Result "1/2-1/2"]
[WhiteTitle "GM"]
[BlackTitle "GM"]
[WhiteElo "2688"]
[BlackElo "2618"]
[WhiteFideId "14105730"]
[BlackFideId "1400355"]
[EventDate "2020.06.12"]

1. d4 Nf6 2. c4 e6 3. Nf3 d5 4. Nc3 Be7 5. Bf4 O-O 6. e3 c5 7. dxc5 Bxc5 8. Qc2
Nc6 9. Rd1 Qa5 10. a3 Rd8 11. cxd5 exd5 12. Be2 d4 13. exd4 Nxd4 14. Nxd4 Bxd4
15. O-O Bf5 16. Qb3 Qb6 17. Nb5 Be6 18. Qa4 Bc5 19. Bc7 Rxd1 20. Bxb6 Rxf1+ 21.
Kxf1 Bxb6 22. Nd6 Rd8 23. Nc4 Bd4 24. Na5 Bxb2 25. Qb4 Bd4 26. Nxb7 Rd7 27. Nc5
Bxc5 28. Qxc5 g6 29. f3 h5 30. Qe5 Nd5 31. g4 hxg4 32. fxg4 Ne7 33. h4 Nc6 34.
Qf6 Rd5 35. Bf3 Rc5 36. Bxc6 Rxc6 37. Kf2 Rc5 38. Kg3 Rc4 39. g5 Ra4 40. Qe7
Rg4+ 41. Kf3 a6 42. h5 gxh5 43. Qf6 a5 44. Qh6 h4 45. g6 Rxg6 46. Qxh4 Kg7 1/2-1/2

[Event "MrDodgy Invitational 2020"]
[Site "chess24.com INT"]
[Date "2020.06.12"]
[Round "1.5"]
[White "Nielsen, Peter Heine"]
[Black "Korobov, Anton"]
[Result "0-1"]
[WhiteTitle "GM"]
[BlackTitle "GM"]
[WhiteElo "2618"]
[BlackElo "2688"]
[WhiteFideId "1400355"]
[BlackFideId "14105730"]
[EventDate "2020.06.12"]

1. d4 d5 2. c4 c6 3. Nf3 Nf6 4. Nc3 e6 5. Bg5 h6 6. Bh4 dxc4 7. e4 g5 8. Bg3 b5
9. h4 g4 10. Ne5 Bb7 11. Be2 Nbd7 12. Nxd7 Qxd7 13. Be5 Qe7 14. O-O Rg8 15. b3
Rd8 16. bxc4 b4 17. Rb1 g3 18. Bxg3 Rxg3 19. fxg3 bxc3 20. e5 Qc7 21. Rxf6 Bg7
22. Qd3 c5 23. Qh7 Kf8 24. Rbf1 cxd4 25. Bh5 Rd7 26. Qg6 Bxf6 27. Qxf6 Kg8 28.
Rf4 c2 29. Rg4+ Kf8 30. Qxh6+ Ke7 31. Rg8 c1=Q+ 32. Qxc1 Qxe5 33. Qh6 Kd6 34.
Qf8+ Kc6 35. Bf3+ Kb6 36. Qb4+ Ka6 37. Rb8 Bxf3 38. Qa4+ Qa5 39. Qxd7 Qe1+ 0-1

[Event "MrDodgy Invitational 2020"]
[Site "chess24.com INT"]
[Date "2020.06.12"]
[Round "1.6"]
[White "Korobov, Anton"]
[Black "Nielsen, Peter Heine"]
[Result "1-0"]
[WhiteTitle "GM"]
[BlackTitle "GM"]
[WhiteElo "2688"]
[BlackElo "2618"]
[WhiteFideId "14105730"]
[BlackFideId "1400355"]
[EventDate "2020.06.12"]

1. d4 Nf6 2. c4 e6 3. Nc3 Bb4 4. e3 O-O 5. Bd3 d5 6. Nf3 c5 7. O-O cxd4 8. exd4
dxc4 9. Bxc4 b6 10. Bg5 Bb7 11. Qe2 Nbd7 12. Rac1 Qb8 13. Rfd1 Rc8 14. Bb3 Bd6
15. Bh4 Bxf3 16. Qxf3 Bxh2+ 17. Kh1 Qf4 18. Qh3 Ng4 19. f3 Ne3 20. Qxh2 Qxh2+
21. Kxh2 Nxd1 22. Rxd1 Nf6 23. d5 exd5 24. Nxd5 1-0

[Event "MrDodgy Invitational 2020"]
[Site "chess24.com INT"]
[Date "2020.06.12"]
[Round "1.7"]
[White "Nielsen, Peter Heine"]
[Black "Korobov, Anton"]
[Result "1-0"]
[WhiteTitle "GM"]
[BlackTitle "GM"]
[WhiteElo "2618"]
[BlackElo "2688"]
[WhiteFideId "1400355"]
[BlackFideId "14105730"]
[EventDate "2020.06.12"]

1. d4 Nf6 2. c4 g6 3. Nf3 Bg7 4. g3 O-O 5. Bg2 Nc6 6. O-O a6 7. Nc3 Rb8 8. d5
Na5 9. Nd2 c5 10. Rb1 b5 11. b3 d6 12. Qc2 e5 13. Bb2 Ng4 14. h3 Nh6 15. e4 f5
16. exf5 gxf5 17. Ne2 Nf7 18. Bc3 b4 19. Bb2 Nb7 20. Rbe1 h5 21. f4 e4 22. g4
Bxb2 23. Qxb2 e3 24. Ng3 exd2 25. Nxh5 Ne5 26. Rd1 fxg4 27. fxe5 Qg5 28. Nf6+
Kh8 29. e6 Qe5 1-0

[Event "MrDodgy Invitational 2020"]
[Site "chess24.com INT"]
[Date "2020.06.12"]
[Round "1.8"]
[White "Korobov, Anton"]
[Black "Nielsen, Peter Heine"]
[Result "1-0"]
[WhiteTitle "GM"]
[BlackTitle "GM"]
[WhiteElo "2688"]
[BlackElo "2618"]
[WhiteFideId "14105730"]
[BlackFideId "1400355"]
[EventDate "2020.06.12"]

1. d4 Nf6 2. c4 e6 3. Nc3 d5 4. cxd5 exd5 5. Bg5 c6 6. e3 Bf5 7. Qf3 Bg6 8. Bxf6
Qxf6 9. Qxf6 gxf6 10. Nf3 Nd7 11. Nh4 Be7 12. g3 f5 13. Ng2 Nb6 14. f3 Nc8 15.
Kf2 Nd6 16. Bd3 a5 17. Nf4 Bg5 18. Na4 Bxf4 19. exf4 O-O-O 20. Rac1 f6 21. Rc5
Kc7 22. Rxa5 Ra8 23. Rxa8 Rxa8 24. Nc3 Bf7 25. Re1 Kd7 26. a3 h5 27. Kg2 Rh8 28.
Na4 h4 29. Nc5+ Kd8 30. g4 Rg8 31. Kh3 Bg6 32. Kxh4 b6 33. Re6 Ne8 34. Na4 fxg4
35. Bxg6 Rxg6 36. fxg4 Kd7 37. f5 1-0

[Event "MrDodgy Invitational 2020"]
[Site "chess24.com INT"]
[Date "2020.06.12"]
[Round "1.9"]
[White "Nielsen, Peter Heine"]
[Black "Korobov, Anton"]
[Result "0-1"]
[WhiteTitle "GM"]
[BlackTitle "GM"]
[WhiteElo "2618"]
[BlackElo "2688"]
[WhiteFideId "1400355"]
[BlackFideId "14105730"]
[EventDate "2020.06.12"]

1. d4 d5 2. c4 c6 3. Nf3 Nf6 4. Nc3 dxc4 5. a4 a5 6. e3 Be6 7. e4 Bg4 8. Be3 e6
9. Bxc4 Bb4 10. Qc2 Bxf3 11. gxf3 Nbd7 12. O-O O-O 13. Kh1 g6 14. Rg1 Re8 15.
Rad1 Rc8 16. f4 Qe7 17. e5 Nd5 18. f5 Bxc3 19. bxc3 exf5 20. Qxf5 N7b6 21. Bb3
Nxe3 22. fxe3 Nd5 23. Rdf1 Rc7 24. e4 Ne3 25. Qh5 Kh8 26. Qh6 Nxf1 27. Rxf1 Rf8
28. Rf6 Rcc8 29. Qf4 c5 30. d5 Rce8 0-1

[Event "MrDodgy Invitational 2020"]
[Site "chess24.com INT"]
[Date "2020.06.12"]
[Round "1.10"]
[White "Korobov, Anton"]
[Black "Nielsen, Peter Heine"]
[Result "1-0"]
[WhiteTitle "GM"]
[BlackTitle "GM"]
[WhiteElo "2688"]
[BlackElo "2618"]
[WhiteFideId "14105730"]
[BlackFideId "1400355"]
[EventDate "2020.06.12"]

1. d4 Nf6 2. c4 d6 3. Nf3 Nbd7 4. Nc3 e5 5. e4 Be7 6. Be2 c6 7. O-O a6 8. Qc2 b5
9. Rd1 Qc7 10. Bg5 b4 11. Na4 c5 12. dxc5 dxc5 13. Nd2 Bb7 14. Bf3 Nf8 15. Nb3
Ne6 16. Bxf6 Bxf6 17. Rd5 Be7 18. Bg4 O-O 19. Bxe6 fxe6 20. Rxc5 Bxc5 21. Naxc5
Rfe8 22. a3 bxa3 23. Rxa3 Rad8 24. Ra1 h6 25. h3 Bc8 26. Qc3 Kh7 27. Nd3 Bb7 28.
Re1 Rb8 29. Nxe5 Ba8 30. Na5 Red8 31. b4 Qd6 32. c5 Qd2 33. Qxd2 Rxd2 34. c6 Rd4
35. Nd7 Rbxb4 36. c7 Rbc4 37. Nxc4 Rxc4 38. Nb6 1-0

[Event "MrDodgy Invitational 2020"]
[Site "chess24.com INT"]
[Date "2020.06.12"]
[Round "1.1"]
[White "Howell, David W L"]
[Black "Navara, David"]
[Result "0-1"]
[WhiteTitle "GM"]
[BlackTitle "GM"]
[WhiteElo "2663"]
[BlackElo "2719"]
[WhiteFideId "410608"]
[BlackFideId "309095"]
[EventDate "2020.06.12"]

1. Nf3 d5 2. g3 Bg4 3. Bg2 c6 4. O-O Nd7 5. h3 Bh5 6. d3 Ngf6 7. Qe1 e5 8. e4
Bd6 9. Nc3 O-O 10. Nh4 dxe4 11. Nxe4 Bc7 12. Bd2 Re8 13. a4 a5 14. Bg5 h6 15.
Bxf6 Nxf6 16. Nxf6+ Qxf6 17. Qe4 Rad8 18. Qf5 Qxf5 19. Nxf5 Bg6 20. g4 Bxf5 21.
gxf5 Rd4 22. Be4 Bb6 23. Kg2 Rb4 24. Ra2 Rd8 25. Kf3 Kf8 26. Rg1 Bc5 27. c3 Rb3
28. Ke2 Be7 29. Kd2 Bg5+ 30. Kc2 Rb6 31. Raa1 Ke7 32. Rg4 Ra6 33. Rag1 b5 34.
Ra1 Rb8 35. Rgg1 b4 36. d4 bxc3 37. bxc3 exd4 38. cxd4 Rb4 39. Rgd1 Bf6 40. Ra3
Rab6 41. f3 Bxd4 42. Kd3 c5 43. Rc1 Rb2 44. Bd5 Kf6 45. Re1 Rd6 46. Kc4 Rb4+ 0-1

[Event "MrDodgy Invitational 2020"]
[Site "chess24.com INT"]
[Date "2020.06.12"]
[Round "1.2"]
[White "Navara, David"]
[Black "Howell, David W L"]
[Result "0-1"]
[WhiteTitle "GM"]
[BlackTitle "GM"]
[WhiteElo "2719"]
[BlackElo "2663"]
[WhiteFideId "309095"]
[BlackFideId "410608"]
[EventDate "2020.06.12"]

1. d4 Nf6 2. c4 g6 3. Nc3 d5 4. cxd5 Nxd5 5. e4 Nxc3 6. bxc3 Bg7 7. Bc4 c5 8.
Ne2 Nc6 9. Be3 O-O 10. O-O Na5 11. Bd3 b6 12. Qd2 e5 13. Rac1 exd4 14. cxd4 cxd4
15. Bh6 Bb7 16. Bxg7 Kxg7 17. f4 Rc8 18. f5 Rxc1 19. Qxc1 Nc6 20. f6+ Kh8 21.
Qh6 Rg8 22. Rf4 Qf8 23. Qg5 Qc5 24. Qh6 Qf8 25. Qg5 Qc5 26. Qh6 Qh5 27. Qxh5
gxh5 28. Ng3 Ne5 29. Bf1 d3 30. Rf5 d2 31. Be2 Nc4 32. Kf2 Rd8 33. Rg5 d1=Q 34.
Bxd1 Rxd1 35. Rg7 Nd6 36. e5 h4 37. exd6 hxg3+ 38. hxg3 Rxd6 39. Rxf7 Bd5 40.
Rf8+ Bg8 41. f7 Rf6+ 0-1

[Event "MrDodgy Invitational 2020"]
[Site "chess24.com INT"]
[Date "2020.06.12"]
[Round "1.3"]
[White "Howell, David W L"]
[Black "Navara, David"]
[Result "1-0"]
[WhiteTitle "GM"]
[BlackTitle "GM"]
[WhiteElo "2663"]
[BlackElo "2719"]
[WhiteFideId "410608"]
[BlackFideId "309095"]
[EventDate "2020.06.12"]

1. Nf3 d5 2. g3 Nf6 3. Bg2 c6 4. c4 g6 5. b3 Bg7 6. Bb2 O-O 7. O-O Bg4 8. d3
Bxf3 9. Bxf3 Nbd7 10. Nd2 e6 11. Rc1 a5 12. a3 Ne8 13. d4 f5 14. e3 Nd6 15. Bg2
Qe7 16. Qe2 Ne4 17. Nf3 a4 18. b4 Nb6 19. c5 Nc4 20. Rxc4 dxc4 21. Qxc4 Kh8 22.
Rd1 Rfd8 23. Qc2 Nf6 24. Ne5 Nd5 25. Nc4 Qc7 26. Rb1 Ra6 27. Bf1 Raa8 28. Bg2
Ra6 29. h4 Nf6 30. Bf3 Ng4 31. Bxg4 fxg4 32. Qe4 Qf7 33. Nd6 Qf3 34. Qxf3 gxf3
35. Nf7+ Kg8 36. Nxd8 1-0

[Event "MrDodgy Invitational 2020"]
[Site "chess24.com INT"]
[Date "2020.06.12"]
[Round "1.4"]
[White "Navara, David"]
[Black "Howell, David W L"]
[Result "1-0"]
[WhiteTitle "GM"]
[BlackTitle "GM"]
[WhiteElo "2719"]
[BlackElo "2663"]
[WhiteFideId "309095"]
[BlackFideId "410608"]
[EventDate "2020.06.12"]

1. e4 c6 2. d4 d5 3. e5 Bf5 4. h4 h5 5. c4 e6 6. Nc3 Ne7 7. Nge2 Bg4 8. Bg5 Qa5
9. f3 Bf5 10. Ng3 Bg6 11. Bd3 Bxd3 12. Qxd3 Nd7 13. O-O dxc4 14. Qxc4 Nd5 15.
Rac1 N7b6 16. Qd3 Be7 17. Nce4 Qxa2 18. Bxe7 Kxe7 19. Nd6 Qa6 20. Qd2 Nd7 21.
Qg5+ Kf8 22. Nxh5 g6 23. Ng3 Qd3 24. Rfd1 Qe3+ 25. Qxe3 Nxe3 26. Rd3 Nd5 27. Rb3
b6 28. Rxc6 Rxh4 29. Nge4 Kg7 30. g3 Rh5 31. g4 Rh4 32. Ng5 Rah8 33. Ndxf7 Rh1+
34. Kf2 R8h2+ 35. Kg3 Rd2 36. Nxe6+ Kxf7 37. Ng5+ Kg7 38. Rd6 Rg1+ 39. Kh4 Rh2+
40. Nh3 Nf4 41. Rxd7+ Kh6 42. g5+ Rxg5 43. Rh7+ Kxh7 44. Kxg5 Nxh3+ 45. Kf6 Ng1
46. e6 Rd2 47. e7 1-0

[Event "MrDodgy Invitational 2020"]
[Site "chess24.com INT"]
[Date "2020.06.12"]
[Round "1.5"]
[White "Howell, David W L"]
[Black "Navara, David"]
[Result "1/2-1/2"]
[WhiteTitle "GM"]
[BlackTitle "GM"]
[WhiteElo "2663"]
[BlackElo "2719"]
[WhiteFideId "410608"]
[BlackFideId "309095"]
[EventDate "2020.06.12"]

1. e4 e5 2. Nf3 Nc6 3. Nc3 Nf6 4. g3 d5 5. exd5 Nxd5 6. Bg2 Nxc3 7. bxc3 Bd6 8.
O-O O-O 9. Re1 Re8 10. d3 Bg4 11. h3 Bh5 12. Rb1 Rb8 13. g4 Bg6 14. Bg5 f6 15.
Be3 Bf7 16. a4 Qd7 17. Nd2 b6 18. Ne4 Ne7 19. a5 Bd5 20. axb6 axb6 21. c4 Bc6
22. Qf3 Rf8 23. Qg3 Ng6 24. Ra1 Ra8 25. Bd2 Be7 26. h4 Rxa1 27. Rxa1 f5 28. gxf5
Bxh4 29. Qh3 Qxf5 30. Qxf5 Rxf5 31. Ra7 Bxe4 32. Bxe4 Rxf2 33. Be1 Rf4 34. Bd2
Rf2 35. Be1 Rf4 36. Bd2 Bf2+ 37. Kg2 Nh4+ 38. Kh3 Rf8 39. Rxc7 Nf3 40. Bb4 Ng5+
41. Kg2 Bc5 42. Bd5+ Kh8 43. Bxc5 bxc5 44. Rxc5 h5 45. Bb7 1/2-1/2

[Event "MrDodgy Invitational 2020"]
[Site "chess24.com INT"]
[Date "2020.06.12"]
[Round "1.6"]
[White "Navara, David"]
[Black "Howell, David W L"]
[Result "1-0"]
[WhiteTitle "GM"]
[BlackTitle "GM"]
[WhiteElo "2719"]
[BlackElo "2663"]
[WhiteFideId "309095"]
[BlackFideId "410608"]
[EventDate "2020.06.12"]

1. e4 e5 2. Nf3 Nc6 3. Bb5 Nf6 4. d3 Bc5 5. Bxc6 dxc6 6. O-O Qe7 7. Bg5 Bg4 8.
Nbd2 Bd6 9. Nc4 Qe6 10. Ne3 Bh5 11. Nf5 O-O 12. h3 Nd7 13. g4 Bg6 14. Be3 f6 15.
N3h4 Bf7 16. Qd2 Kh8 17. Kh1 Rad8 18. Rg1 g6 19. Nxd6 cxd6 20. Raf1 d5 21. Qb4
b6 22. Bh6 Rfe8 23. Nf5 c5 24. Bg7+ Kg8 25. Qd2 g5 26. h4 dxe4 27. hxg5 fxg5 28.
Qxg5 Bg6 29. dxe4 Qc4 30. f3 Qxc2 31. Bf6 Rb8 32. Rd1 1-0

[Event "MrDodgy Invitational 2020"]
[Site "chess24.com INT"]
[Date "2020.06.12"]
[Round "1.7"]
[White "Howell, David W L"]
[Black "Navara, David"]
[Result "1/2-1/2"]
[WhiteTitle "GM"]
[BlackTitle "GM"]
[WhiteElo "2663"]
[BlackElo "2719"]
[WhiteFideId "410608"]
[BlackFideId "309095"]
[EventDate "2020.06.12"]

1. Nf3 Nf6 2. c4 c5 3. Nc3 Nc6 4. g3 g6 5. Bg2 Bg7 6. d4 cxd4 7. Nxd4 O-O 8. O-O
Qa5 9. Nb3 Qh5 10. Nd5 d6 11. Nf4 Qf5 12. Bd2 Qd7 13. Bc3 b6 14. Rc1 Bb7 15. e4
Rac8 16. Qe2 Ne5 17. Nd2 e6 18. Rfd1 Rfd8 19. b3 Qe7 20. Bb4 Nc6 21. Ba3 Bh6 22.
e5 Nxe5 23. Qxe5 Bxg2 24. Nxg2 Bxd2 25. Rxd2 dxe5 26. Bxe7 Rxd2 27. Bxf6 Rxa2
28. Ne3 Rb2 29. Ng4 Rxb3 30. Rd1 Rf3 31. Rd7 Kf8 32. Rxa7 e4 33. Bg5 h5 34. Nf6
Kg7 35. Nxe4 Rxc4 36. Nd6 Rc5 37. h4 Rc6 38. Ne8+ Kf8 39. Ra8 Rfc3 40. Nd6+ Kg7
41. Ne8+ Kf8 42. Nd6+ Kg7 43. Ne4 Rc8 44. Ra1 Rc2 45. Kg2 b5 46. Rb1 Rb8 47. Bf4
Rb6 48. Be5+ Kf8 1/2-1/2

[Event "MrDodgy Invitational 2020"]
[Site "chess24.com INT"]
[Date "2020.06.12"]
[Round "1.9"]
[White "Howell, David W L"]
[Black "Navara, David"]
[Result "0-1"]
[WhiteTitle "GM"]
[BlackTitle "GM"]
[WhiteElo "2663"]
[BlackElo "2719"]
[WhiteFideId "410608"]
[BlackFideId "309095"]
[EventDate "2020.06.12"]

1. Nf3 d5 2. c4 d4 3. b4 g5 4. Qb3 Bg7 5. Nxg5 e5 6. d3 Bh6 7. f4 exf4 8. h4 Nc6
9. b5 Nce7 10. c5 Be6 11. Nxe6 fxe6 12. Qxe6 Qd5 13. Qxd5 Nxd5 14. Na3 O-O-O 15.
Nc2 Ne3 16. Nxe3 fxe3 17. g4 Bf4 18. Bb2 Bg3+ 19. Kd1 Nf6 20. g5 Nh5 21. Rc1
Rhf8 22. Rc4 Be5 23. Bh3+ Kb8 24. Rf1 Nf4 25. Rh1 Nxh3 26. Rxh3 Rf1+ 27. Kc2 Re1
28. Rf3 Rxe2+ 29. Kb3 Rd2 30. Bxd4 Rxd3+ 31. Bc3 e2 32. Rxd3 Rxd3 33. Re4 Rxc3+
34. Kb4 a5+ 35. bxa6 Rc1 36. Rxe2 Bd4 37. Re8+ Ka7 38. axb7 Kxb7 39. Kb3 Rc3+ 0-1

[Event "MrDodgy Invitational 2020"]
[Site "chess24.com INT"]
[Date "2020.06.12"]
[Round "1.10"]
[White "Navara, David"]
[Black "Howell, David W L"]
[Result "0-1"]
[WhiteTitle "GM"]
[BlackTitle "GM"]
[WhiteElo "2719"]
[BlackElo "2663"]
[WhiteFideId "309095"]
[BlackFideId "410608"]
[EventDate "2020.06.12"]

1. e4 c6 2. d4 d5 3. e5 Bf5 4. h4 c5 5. dxc5 Nc6 6. Bb5 Qc7 7. Nf3 e6 8. b4 Bg4
9. Bf4 Ne7 10. Nbd2 a6 11. Ba4 Nf5 12. c3 Be7 13. Qb3 O-O 14. Bxc6 bxc6 15. Nd4
Nxh4 16. Bg3 Nf5 17. Nxf5 Bxf5 18. Nf3 a5 19. Nd4 Bg6 20. O-O Rfb8 21. Rfc1 Bxc5
22. Qa4 Bxd4 23. cxd4 Rxb4 24. Rxc6 Qb7 0-1

[Event "MrDodgy Invitational 2020"]
[Site "chess24.com INT"]
[Date "2020.06.12"]
[Round "1.11"]
[White "Howell, David W L"]
[Black "Navara, David"]
[Result "1-0"]
[WhiteTitle "GM"]
[BlackTitle "GM"]
[WhiteElo "2663"]
[BlackElo "2719"]
[WhiteFideId "410608"]
[BlackFideId "309095"]
[EventDate "2020.06.12"]

1. e4 e5 2. Nf3 Nc6 3. Nc3 Nf6 4. g3 d5 5. exd5 Nxd5 6. Bg2 Nxc3 7. bxc3 Bd6 8.
O-O O-O 9. Re1 Bg4 10. h3 Bh5 11. Rb1 Rb8 12. d4 exd4 13. cxd4 Re8 14. Be3 b6
15. Rb5 Bg6 16. Nh4 Be4 17. Bg5 f6 18. Bxe4 fxg5 19. Nf3 Qd7 20. Nxg5 g6 21.
Nxh7 Qxh7 22. Bxc6 Rxe1+ 23. Qxe1 Qxh3 24. Rg5 Kf7 25. Qe4 Qh6 26. Rg4 Rh8 27.
Rh4 Qc1+ 28. Kg2 Rxh4 29. gxh4 Qf4 30. Be8+ Kf8 31. Bxg6 Qxe4+ 32. Bxe4 Be7 33.
Kh3 Bf6 34. c3 c5 35. dxc5 bxc5 36. c4 Kg7 37. f3 Bd4 38. Kg4 Kf6 39. Bd5 Be3
40. Bc6 Bd2 41. Be4 Be3 42. h5 Bd2 43. Bg6 Be3 44. Kg3 Bd2 45. Kf2 Bf4 46. Ke2
Kg5 47. Kd3 Kf6 48. Ke4 Bd2 49. Bf5 Bc1 50. Bg4 Bd2 51. Kd5 Bb4 52. Kc6 a5 53.
Kb5 Kg5 54. Ka4 Bc3 55. Kb3 Bb4 56. Kc2 Ba3 57. Kd3 Bb4 58. Ke4 Bc3 59. Kd5 Bb4
60. Kd6 Ba3 61. Kc6 Bb4 62. Kb6 Kf6 63. Kb5 Kg5 64. Ka4 Kf6 65. a3 Bc3 66. Kb3
Bd2 67. Kc2 Be3 68. Kb3 Bc1 69. Bd7 Kg5 70. Be8 Kh6 71. Ka4 Kg5 72. Kb5 Bxa3 73.
Kxa5 Bb4+ 74. Kb5 Ba3 75. Bg6 Bb4 76. Kc6 Ba3 77. Kd5 Bb4 78. Ke6 Ba3 79. Kf7
Kh6 80. Kf6 Bb2+ 81. Kf5 Bc1 82. Kg4 Bd2 83. f4 Bc1 84. Be4 Bd2 85. Bf3 Bc1 86.
Kf5 Bd2 87. Ke5 Bc1 88. f5 Kg5 89. Kd5 Kxf5 90. Kxc5 Be3+ 91. Kd5 Kf6 92. Be2
Kg7 93. Bd1 1-0

[Event "MrDodgy Invitational 2020"]
[Site "chess24.com INT"]
[Date "2020.06.12"]
[Round "1.12"]
[White "Navara, David"]
[Black "Howell, David W L"]
[Result "1-0"]
[WhiteTitle "GM"]
[BlackTitle "GM"]
[WhiteElo "2719"]
[BlackElo "2663"]
[WhiteFideId "309095"]
[BlackFideId "410608"]
[EventDate "2020.06.12"]

1. d4 Nf6 2. c4 g6 3. Nc3 d5 4. cxd5 Nxd5 5. e4 Nxc3 6. bxc3 Bg7 7. Nf3 c5 8.
Bb5+ Nc6 9. d5 Qa5 10. Rb1 a6 11. Bxc6+ bxc6 12. O-O O-O 13. dxc6 Be6 14. Bf4
Qxa2 15. c7 Rac8 16. Rb8 h6 17. Rxc8 Rxc8 18. Qd8+ Kh7 19. Qxe7 Qc4 20. Be5 Qxe4
21. Bxg7 Kxg7 22. Qxc5 Qc4 23. Qe5+ Kh7 24. Ra1 Rxc7 25. h4 Rc5 26. Qd6 Rc6 27.
Qe5 Rc5 28. Qf6 a5 29. Nd2 Qd3 30. Qd4 Rxc3 31. Qxd3 Rxd3 32. Ne4 Rd4 33. Nc5
Bf5 34. h5 g5 35. Rxa5 Bg4 36. f3 Bxh5 37. Ne4 Bg6 38. Nf6+ Kg7 39. Ne8+ Kf8 40.
Nf6 Rd8 41. Ra7 Kg7 42. Nd7 Re8 43. Kf2 Re7 44. Rb7 h5 45. Nc5 Re5 46. Nb3 Rd5
47. Ke3 Re5+ 48. Kf2 Re8 49. Nd2 Ra8 50. Nc4 Ra2+ 51. Kg1 Ra1+ 52. Kf2 Ra2+ 53.
Kg1 Re2 54. Rb5 Kh6 55. Ne5 Ra2 56. Rb6 Ra4 57. Nxf7+ Kg7 58. Nxg5 h4 59. Kh2
Bf5 60. Ne4 Ra2 61. Rb5 Be6 62. Rg5+ Kh6 63. Re5 Bf7 64. Kh3 Rb2 65. Nf6 Kg6 66.
Ng4 Bc4 67. Kxh4 Rxg2 68. Rg5+ 1-0

[Event "MrDodgy Invitational 2020"]
[Site "chess24.com INT"]
[Date "2020.06.13"]
[Round "2.6"]
[White "Giri, Anish"]
[Black "Korobov, Anton"]
[Result "1-0"]
[WhiteTitle "GM"]
[BlackTitle "GM"]
[WhiteElo "2764"]
[BlackElo "2688"]
[WhiteFideId "24116068"]
[BlackFideId "14105730"]
[EventDate "2020.06.12"]

1. c4 Nf6 2. Nf3 g6 3. Nc3 Bg7 4. e4 d6 5. d4 O-O 6. Be2 e5 7. O-O Nc6 8. d5 Ne7
9. b4 Nh5 10. Re1 f5 11. a4 Nf6 12. a5 h6 13. Ra3 f4 14. h4 Rf7 15. c5 Bf8 16.
c6 Rg7 17. b5 g5 18. hxg5 hxg5 19. Nh2 bxc6 20. dxc6 g4 21. g3 Be6 22. gxf4 exf4
23. Bxf4 Nh5 24. Bg3 Nxg3 25. fxg3 d5 26. exd5 Nxd5 27. Bc4 Bf7 28. Bxd5 Bxa3
29. Nxg4 Qg5 30. Ne4 Bc5+ 31. Kg2 Bxd5 32. Nf6+ Qxf6 33. Qxd5+ Qf7 34. Nf6+ 1-0